000
00245nam a22001217a 4500
008
170529b xxu||||| |||| 00| 0 eng d
041
_a
eng
080
_a
621
100
_a
25
101
_a
IM
245
_a
PNEUMATIK
_c
HAUG, R
942
_2
udc
_c
BK
999
_c
14817
_d
14817